[Event "DEM U18 2023"]
[Site "Willingen GER"]
[Date "2023.05.31"]
[Round "6"]
[White "Neugirg, Mika"]
[Black "Wurmbauer, Nils"]
[Result "1/2-1/2"]
[Termination "normal"]
[Board "14"]
[WhiteElo "1781"]
[BlackElo "1995"]
[WhiteClock "00:01:31"]
[BlackClock "00:12:37"]
[PlyCount "101"]
[WhiteFideId "34619160"]
[BlackFideId "16253337"]
[EventCountry "GER"]
[EventRounds "9"]
[EventType "swiss"]
[EventDate "2023.05.27"]

1. d4 {[%clk 01:30:58]} {[%emt 00:00:01]} Nf6 {[%clk 01:30:23]} {[%emt
00:00:38]} 2. c4 {[%clk 01:31:04]} {[%emt 00:00:24]} e6 {[%clk 01:29:09]}
{[%emt 00:01:44]} 3. Nc3 {[%clk 01:31:13]} {[%emt 00:00:20]} d5 {[%clk
01:29:02]} {[%emt 00:00:39]} 4. cxd5 {[%clk 01:30:58]} {[%emt 00:00:44]} Nxd5
{[%clk 01:28:45]} {[%emt 00:00:48]} 5. e4 {[%clk 01:30:45]} {[%emt 00:00:42]}
Nxc3 {[%clk 01:29:10]} {[%emt 00:00:05]} 6. bxc3 {[%clk 01:31:08]} {[%emt
00:00:07]} c5 {[%clk 01:29:29]} {[%emt 00:00:12]} 7. Nf3 {[%clk 01:29:15]}
{[%emt 00:02:22]} cxd4 {[%clk 01:29:30]} {[%emt 00:00:29]} 8. cxd4 {[%clk
01:29:37]} {[%emt 00:00:07]} Bb4+ {[%clk 01:29:49]} {[%emt 00:00:12]} 9. Bd2
{[%clk 01:29:56]} {[%emt 00:00:11]} Bxd2+ {[%clk 01:30:12]} {[%emt 00:00:08]}
10. Qxd2 {[%clk 01:30:17]} {[%emt 00:00:09]} O-O {[%clk 01:30:22]} {[%emt
00:00:19]} 11. Bc4 {[%clk 01:28:36]} {[%emt 00:02:11]} b6 {[%clk 01:27:39]}
{[%emt 00:03:14]} 12. O-O {[%clk 01:21:56]} {[%emt 00:07:08]} Bb7 {[%clk
01:25:55]} {[%emt 00:02:16]} 13. Qf4 {[%clk 01:18:13]} {[%emt 00:04:12]} Nd7
{[%clk 01:23:11]} {[%emt 00:03:14]} 14. Rad1 {[%clk 01:15:21]} {[%emt
00:03:22]} Rc8 {[%clk 01:21:21]} {[%emt 00:02:21]} 15. Bd3 {[%clk 01:13:48]}
{[%emt 00:02:01]} Rc3 {[%clk 01:15:36]} {[%emt 00:06:16]} 16. Rfe1 {[%clk
01:07:39]} {[%emt 00:06:38]} Qe7 {[%clk 01:03:30]} {[%emt 00:12:37]} 17. e5
{[%clk 00:53:41]} {[%emt 00:14:27]} f5 {[%clk 00:56:44]} {[%emt 00:07:17]} 18.
exf6 {[%clk 00:35:08]} {[%emt 00:19:03]} Nxf6 {[%clk 00:46:22]} {[%emt
00:10:52]} 19. Qe3 {[%clk 00:27:43]} {[%emt 00:07:51]} Rc6 {[%clk 00:27:11]}
{[%emt 00:19:45]} 20. Bf5 {[%clk 00:21:44]} {[%emt 00:06:28]} Bc8 {[%clk
00:24:56]} {[%emt 00:02:46]} 21. d5 {[%clk 00:21:20]} {[%emt 00:00:54]} Nxd5
{[%clk 00:23:58]} {[%emt 00:01:28]} 22. Rxd5 {[%clk 00:18:46]} {[%emt
00:03:04]} Qf6 {[%clk 00:24:00]} {[%emt 00:00:28]} 23. Bxh7+ {[%clk 00:15:28]}
{[%emt 00:03:47]} Kxh7 {[%clk 00:24:22]} {[%emt 00:00:09]} 24. Rh5+ {[%clk
00:14:46]} {[%emt 00:01:11]} Kg8 {[%clk 00:24:23]} {[%emt 00:00:30]} 25. Qe4
{[%clk 00:13:18]} {[%emt 00:01:57]} Rc7 {[%clk 00:15:10]} {[%emt 00:09:44]} 26.
Qh7+ {[%clk 00:06:28]} {[%emt 00:07:19]} Kf7 {[%clk 00:15:39]} {[%emt
00:00:02]} 27. Rhe5 {[%clk 00:03:04]} {[%emt 00:03:54]} Ke7 {[%clk 00:14:52]}
{[%emt 00:01:17]} 28. Qh4 {[%clk 00:01:54]} {[%emt 00:01:40]} Qxh4 {[%clk
00:14:26]} {[%emt 00:00:56]} 29. Nxh4 {[%clk 00:02:22]} {[%emt 00:00:02]} Rd8
{[%clk 00:12:22]} {[%emt 00:02:33]} 30. Nf5+ {[%clk 00:01:36]} {[%emt
00:01:17]} Kf7 {[%clk 00:11:20]} {[%emt 00:01:31]} 31. Ne3 {[%clk 00:01:20]}
{[%emt 00:00:46]} Rd2 {[%clk 00:10:39]} {[%emt 00:01:12]} 32. Ra1 {[%clk
00:01:16]} {[%emt 00:00:34]} Kf6 {[%clk 00:08:15]} {[%emt 00:02:53]} 33. Rb5
{[%clk 00:01:30]} {[%emt 00:00:16]} Ba6 {[%clk 00:07:43]} {[%emt 00:01:04]} 34.
Rbb1 {[%clk 00:01:49]} {[%emt 00:00:10]} Be2 {[%clk 00:06:58]} {[%emt
00:01:15]} 35. h3 {[%clk 00:01:22]} {[%emt 00:00:57]} b5 {[%clk 00:06:18]}
{[%emt 00:01:10]} 36. a4 {[%clk 00:01:09]} {[%emt 00:00:43]} Bd3 {[%clk
00:04:48]} {[%emt 00:02:00]} 37. Rd1 {[%clk 00:00:54]} {[%emt 00:00:44]} Rxd1+
{[%clk 00:03:44]} {[%emt 00:01:34]} 38. Rxd1 {[%clk 00:01:20]} {[%emt
00:00:05]} Bc4 {[%clk 00:02:53]} {[%emt 00:01:21]} 39. axb5 {[%clk 00:01:23]}
{[%emt 00:00:26]} Bxb5 {[%clk 00:01:34]} {[%emt 00:01:49]} 40. Ra1 {[%clk
00:01:17]} {[%emt 00:00:36]} a6 {[%clk 00:00:56]} {[%emt 00:01:10]} 41. Ng4+
{[%clk 00:11:08]} {[%emt 00:20:37]} Ke7 {[%clk 00:30:28]} {[%emt 00:00:58]} 42.
Ne5 {[%clk 00:10:03]} {[%emt 00:01:35]} Kd6 {[%clk 00:29:39]} {[%emt 00:01:19]}
43. Nf3 {[%clk 00:10:24]} {[%emt 00:00:09]} Rc4 {[%clk 00:25:10]} {[%emt
00:04:59]} 44. Nd2 {[%clk 00:06:07]} {[%emt 00:04:47]} Rd4 {[%clk 00:19:33]}
{[%emt 00:06:07]} 45. Ra2 {[%clk 00:05:27]} {[%emt 00:01:10]} Kc6 {[%clk
00:15:31]} {[%emt 00:04:32]} 46. f3 {[%clk 00:04:48]} {[%emt 00:01:10]} Kb6
{[%clk 00:13:39]} {[%emt 00:02:21]} 47. Kf2 {[%clk 00:03:51]} {[%emt 00:01:27]}
a5 {[%clk 00:13:12]} {[%emt 00:00:57]} 48. Nb3 {[%clk 00:02:06]} {[%emt
00:02:16]} Rb4 {[%clk 00:13:06]} {[%emt 00:00:35]} 49. Nxa5 {[%clk 00:00:51]}
{[%emt 00:01:45]} Ba4 {[%clk 00:12:41]} {[%emt 00:00:55]} 50. Re2 {[%clk
00:01:09]} {[%emt 00:00:12]} Kxa5 {[%clk 00:12:37]} {[%emt 00:00:34]} 51. Rxe6
{[%clk 00:01:31]} {[%emt 00:00:08]} 1/2-1/2